00321nam a2200121Ia 4500008004100000041000800041082001200049100001700061245004400078260004200122300002400164365001100188240624s9999 xx 000 0 und d aeng a823 BEA aBEAH ISHMAEL aLONG WAY GONE MEMORIES OF A BOY SOLDIER c2007aNew DelhibFarrar Straus Giroux a229 : p. : cm. ; 22 cRSb20